Adaptación al cambio climático en ciudades costeras de Colombia: (Registro nro. 9099)
[ vista simple ]
| 000 -CABECERA | |
|---|---|
| Campo de control | 01578nam a22003017a 4500 |
| 005 - FECHA Y HORA DE LA ULTIMA TRANSACCION | |
| Campo de control | 20160216020002.0 |
| 008 - ELEMENTOS DE LONGITUD FIJA—INFORMACION GENERAL | |
| Campo de control | 150320b2014 ck |||||r|||| 00| 0 eng d |
| 020 ## - ISBN | |
| ISBN | 9789588448640 |
| 040 ## - FUENTE DE CATALOGACIÓN | |
| Agencia catalogadora original | CO-BoIAVH |
| Agencia transcriptora | CO-BoIAVH |
| 041 ## - IDIOMA | |
| Código de idioma para texto/pista de sonido o título separado | Español |
| 044 ## - PAÍS DE PUBLICACIÓN | |
| País de publicación | Colombia |
| 082 04 - NUMERO DE CLASIFICACION DECIMAL DEWEY | |
| Número de clasificación | 304.25 |
| Número del ítem | A22 |
| 245 00 - MENCION DE TITULO | |
| Título | Adaptación al cambio climático en ciudades costeras de Colombia: |
| Parte restante del título | guía para la formulación de planes de adaptación. |
| 260 ## - PUBLICACION, DISTRIBUCION, ETC. (PIE DE IMPRENTA) | |
| Lugar de publicación, distribución, etc. | Eschborn : |
| Nombre del editor, distribuidor, etc. | New York : |
| -- | Deutsche Gesellschaft für, |
| Fecha de publicación, distribución, etc. | 2009. |
| 300 ## - DESCRIPCION FISICA | |
| Extensión | 40 p. |
| Otros detalles físicos | fotografías a color, tablas |
| Dimensiones | 29 cm. |
| 490 ## - MENCION DE SERIE | |
| Mención de serie | Publicaciones Generales del Invemar |
| Designación numérica/secuencial del volumen | No. 65 |
| 504 ## - NOTA DE BIBLIOGRAFIA, ETC. | |
| Nota de bibliografía | Incluye referencias bibliográficas (pag. 29) y anexos |
| 505 ## - NOTA DE CONTENIDO | |
| Nota de contenido | 1. Cambio climático<br/>2. Planificación urbana, resiliencia y adaptación<br/>3. Buenas prácticas en la adaptación al cambio climático<br/> |
| 520 ## - NOTA DE RESUMEN, ETC. | |
| Nota de resumen | Esta guía s elabora como una herramienta de apoyo a los gobernadores locales y planificadores de las ciudades costeras para conocer las implicaciones que tendrá el cambio climático, entender los beneficios de la adaptación y emprender la tarea de identificación y puesta en marcha de las estrategias y acciones que se requieren para este proceso. |
| 650 #0 - ASIENTO SECUNDARIO DE MATERIA - TERMINO TEMATICO | |
| Término temático o nombre geográfico como elemento de entrada | Cambio climático |
| Subdivisión general | ciudades costeras |
| 650 #0 - ASIENTO SECUNDARIO DE MATERIA - TERMINO TEMATICO | |
| Término temático o nombre geográfico como elemento de entrada | Cambio climático |
| Subdivisión general | Aspectos ambientales |
| 650 #0 - ASIENTO SECUNDARIO DE MATERIA - TERMINO TEMATICO | |
| Término temático o nombre geográfico como elemento de entrada | Cambio climático |
| Subdivisión general | adaptación |
| 650 #0 - ASIENTO SECUNDARIO DE MATERIA - TERMINO TEMATICO | |
| Término temático o nombre geográfico como elemento de entrada | Planificación urbana |
| 710 2# - ASIENTO SECUNDARIO - NOMBRE CORPORATIVO | |
| Nombre corporativo o de jurisdicción como elemento de entrada | Invemar |
| 710 2# - ASIENTO SECUNDARIO - NOMBRE CORPORATIVO | |
| Nombre corporativo o de jurisdicción como elemento de entrada | Grupo Laera |
| 710 2# - ASIENTO SECUNDARIO - NOMBRE CORPORATIVO | |
| Nombre corporativo o de jurisdicción como elemento de entrada | Climate & Development Knowledge Network CDKN |
| 942 ## - ELEMENTOS ADICIONALES (KOHA) | |
| Sistema de clasificación | Dewey Decimal Classification |
| Tipo de ítem | Libro |
| Koha issues (borrowed), all copies | 2 |
| Withdrawn status | Lost status | Sistema de Clasificación | Damaged status | No para préstamo | Colección | Inventariado | Ubicación Permanente | Ubicación actual | Fecha de adquisición | Fuente de Valor | Valor | Total Checkouts | Número topográfico | Inventario / Código de Barras | Date last seen | Date checked out | Ejemplar | Price effective from | Forma de adquisición | Tipo de material |
|---|---|---|---|---|---|---|---|---|---|---|---|---|---|---|---|---|---|---|---|---|
| Dewey Decimal Classification | General | Inventariado 2017 | Bogotá | Bogotá | 20/03/2015 | Instituto | 39000.00 | 1 | LB-304.25 A22 | 038961 | 11/09/2015 | 28/08/2015 | Ej. 1 | 20/03/2015 | Canje | Libro | ||||
| Dewey Decimal Classification | General | Inventariado 2017 | Bogotá | Bogotá | 19/06/2015 | Instituto | 39000.00 | 1 | LB-304.25 A22 | 039081 | 15/02/2016 | 15/02/2016 | Ej. 2 | 19/06/2015 | Canje | Libro | ||||
| Dewey Decimal Classification | General | Inventariado 2017 | Sala Fabio Quevedo | Sala Fabio Quevedo | 19/06/2015 | Instituto | 39000.00 | LB-304.25 A22 | 039087 | 19/06/2015 | Ej. 3 | 19/06/2015 | Canje | Libro |